000 00621nam a2200241Ia 4500
003 OSt
005 20221007105103.0
006 a|||||r|||| 00| 0
007 ta
008 221006b |||||||| |||| 00| 0 eng d
024 _a17,593
037 _cTextual
040 _aLCO
_cLCO
_beng
041 _2eng
_aeng
082 _aZ2,345, L5
100 _aDobson A.P
_9706464
245 0 _aSale of Goods and Consumer Credit
260 _aLondon
_bSweet & Maxwell UK
_c1975
300 _a264
650 _aSALE OF GOODS
_9461698
942 _hZ2,345, L5
_cTEXL
999 _c1187156
_d1187156